00638 2200229 4500001002100000005001500021035002000036007000300056008004100059020002200100082001200122084001800134100001600152245006500168250001000233260005000243300003500293650001800328700001900346504003000365990001300395INLIS00000000000173220180315090112 a0010-0318000075ta180315 f 0 ind  a978-979-1486-18-7 a297.633 a297.633 ZAM p0 aZAMIR.Iqbal1 aPengantar Keuangan Islam :bTeori dan Praktik /cZamir Iqbal acet 1 ajakarta :bKencana Prenada Media group,c2008 aviii, 416 hlm ;c15 cm x 23 cm aEkonomi Islam0 aABBAS.Mirakhor aBibliografi : hal 405-415 a1072 151